| 000 | 00520nam a22001937a 4500 | ||
|---|---|---|---|
| 003 | KOHA_MİRAKIL | ||
| 005 | 20250424151515.0 | ||
| 008 | 250424b tu ||||| |||| 00| 0 tur d | ||
| 020 | _a9786050381368 | ||
| 040 |
_aTR-AnABB _btur _cTR-AnABB |
||
| 041 | _atur | ||
| 082 |
_a813.42 _bMEN 2022 |
||
| 100 | 1 | _aMenteş, Murat, | |
| 245 | 1 | 0 |
_aDublörün dilemması / _cMurat Menteş |
| 260 |
_aİstanbul : _bAlfa, _c2022 |
||
| 300 |
_a295 sayfa ; _c21 cm |
||
| 650 | 0 | 4 | _aTürk edebiyatı, roman |
| 942 |
_2ddc _cBK |
||
| 999 |
_c8829 _d8829 |
||
| 900 | _bGizem YORULMAZ | ||